Computer networks : a systems approach (Record no. 173820)

MARC details
000 -LEADER
fixed length control field 00467nam a2200169Ia 4500
008 - FIXED-LENGTH DATA ELEMENTS--GENERAL INFORMATION
fixed length control field 231217s9999 xx 000 0 und d
041 ## - LANGUAGE CODE
Language code of text/sound track or separate title English
082 ## - DEWEY DECIMAL CLASSIFICATION NUMBER
Classification number 001.64404 PET;10 R1
100 ## - MAIN ENTRY--PERSONAL NAME
Personal name Peterson, Larry L Davie, Bruce S
245 #0 - TITLE STATEMENT
Title Computer networks : a systems approach
250 ## - EDITION STATEMENT
Edition statement 3rd ed.
260 ## - PUBLICATION, DISTRIBUTION, ETC.
Date of publication, distribution, etc. 2003
Name of publisher, distributor, etc. Morgan Kaufmann,
300 ## - PHYSICAL DESCRIPTION
Extent xxvii+813
500 ## - GENERAL NOTE
General note Content page available
650 ## - SUBJECT ADDED ENTRY--TOPICAL TERM
Topical term or geographic name entry element Computer,networks,:,systems
942 ## - ADDED ENTRY ELEMENTS (KOHA)
Koha item type Books
Holdings
Date last seen Total checkouts Full call number Accession number Uniform resource identifier Cost, total (INR) price Price effective from Category Lost status Damaged status Department Withdrawn status Home library Current library Shelving location Entry date Vendor Cost, normal purchase price Grants Billnumber Billdate Currency symbol Conversion rate Discount Old discount
26/01/2024   001.64404 PET;10 R1 31731 digital/contents/44182.pdf 192.00 26/01/2024 Books     Central Library   Central Library Central Library Central Library 21/01/2005 Sai Books 240.00 CS 181 03/09/2007 RS 1 48 20
26/01/2024   001.64404 PET;11 31732 digital/contents/44182.pdf 192.00 26/01/2024 Books     Central Library   Central Library Central Library Central Library 21/01/2005 Sai Books 240.00 CS 181 03/09/2007 RS 1 48 20
26/01/2024   001.64404 PET;12 31733 digital/contents/44182.pdf 192.00 26/01/2024 Books     Central Library   Central Library Central Library Central Library 21/01/2005 Sai Books 240.00 CS 181 03/09/2007 RS 1 48 20

© For any Suggestions or Query, please contact the library staff @ librarian@pes.edu or Phone: +9180 2672 1983/ 2108.